Time domain astronomy at low radio frequencies (< 100 MHz): Instrumentation and observations (Record no. 36106)

MARC details
000 -LEADER
fixed length control field 04128 a2200229 4500
003 - CONTROL NUMBER IDENTIFIER
control field IN-BaIIA
005 - DATE AND TIME OF LATEST TRANSACTION
control field 20250902114202.0
008 - FIXED-LENGTH DATA ELEMENTS--GENERAL INFORMATION
fixed length control field 250825b |||||||| |||| 00| 0 eng d
040 ## - CATALOGING SOURCE
Transcribing agency IIA Library
100 ## - MAIN ENTRY--PERSONAL NAME
Personal name Bane, Kshitij S
9 (RLIN) 49252
245 ## - TITLE STATEMENT
Title Time domain astronomy at low radio frequencies (< 100 MHz): Instrumentation and observations
Statement of responsibility, etc. Kshitij S Bane
Medium [Thesis]
260 ## - PUBLICATION, DISTRIBUTION, ETC.
Place of publication, distribution, etc. Bangalore
Name of publisher, distributor, etc. Indian Institute of Astrophysics
Date of publication, distribution, etc. 2024
300 ## - PHYSICAL DESCRIPTION
Extent xvii, 127p.
502 ## - DISSERTATION NOTE
Degree type Doctor of Philosophy(Technology)
Name of granting institution University of Calcutta, Kolkata
Year degree granted 2024
520 ## - SUMMARY, ETC.
Summary, etc. Exploration of the transient Universe is an exciting and fast-emerging area within radio astronomy. Radio transient sources can be defined as a class of objects that emit radio waves in the form of bursts, flares, or pulses from short durations (less than a few seconds) to long durations (greater than a few seconds). These include Pulsars, FRBs, GRBs, Flaring Stars, Sun, etc. Transient phenomena are likely locations of explosive or dynamic events, and they offer tremendous potential to uncover new physics and astrophysics. In addition, short-duration transients are powerful probes of intervening media owing to dispersion, scattering, and Faraday rotation that modify the signals. However, observations of such transients at low radio frequencies is largely uncharted territory due to various practical limitations. A pulsar is a highly magnetized, rapidly rotating neutron star emitting electromagnetic radiation beams. Weighing more than our Sun, yet only about 20 km in diameter, these incredibly dense objects produce radio beams that sweep the sky like a lighthouse. They are detectable at radio frequencies through the beam of coherent radio emission from their magnetosphere whenever they intersect our line of sight. The first pulsar was observed at a low frequency of ∼ 81.5 MHz. However, much of our present knowledge about pulsars has come primarily from radio observations at frequencies >300 MHz. The primary reasons for this are: the emission from pulsars at low frequencies is more affected by dispersion and scattering during their propagation through the interstellar medium (ISM) as compared with higher frequencies, the comparatively intense synchrotron emission from the Galactic background and the Radio Frequency Interference (RFI). Pulsar observations at frequencies ≤100 MHz are necessary for understanding the emission mechanism and characteristics of the pulse profile as a function of frequency, which are still being examined. For example, many pulsars exhibit a turnover in the spectrum close to 100 MHz. Therefore, extending their spectra toward lower radio frequencies is of great interest. Low-frequency observations can also help in studying the ISM as the propagation effects of ISM are more prominent at low radio frequencies. Fast Radio Bursts (FRBs) are still eluding astronomers about their origin. Recently, FRBs have been detected at 120 MHz and 111 MHz. This suggests that detecting them at even lower frequencies might be possible. For this, continuous monitoring of the sky at low frequencies is essential. Considering this, we have set up a radio telescope in the Gauribidanur Observatory (named as GAuribidanur Pulsar System- GAPS) for dedicated observations of pulsars and other astrophysical transients in the frequency range of 50 to 80 MHz. Its purpose is to observe and understand the characteristics of known pulsars and potentially search for FRBs at these frequencies if they should occur. This observing facility is a dedicated instrument with wide sky coverage, large bandwidth, and high time resolution, which are important for observing fast transients. The thesis involved developing the prototype system and its subsequent upgrades, testing and characterizing the system, and observing targeted Pulsars.
650 ## - SUBJECT ADDED ENTRY--TOPICAL TERM
Topical term or geographic name entry element Radio astronomy
9 (RLIN) 2849
650 ## - SUBJECT ADDED ENTRY--TOPICAL TERM
Topical term or geographic name entry element Time domain astronomy
9 (RLIN) 49264
650 ## - SUBJECT ADDED ENTRY--TOPICAL TERM
Topical term or geographic name entry element Radio wave detection
9 (RLIN) 49265
700 ## - ADDED ENTRY--PERSONAL NAME
Personal name R. Ramesh
Dates associated with a name Supervisor
9 (RLIN) 49266
856 ## - ELECTRONIC LOCATION AND ACCESS
Uniform Resource Identifier <a href="http://prints.iiap.res.in/handle/2248/8749">http://prints.iiap.res.in/handle/2248/8749</a>
Link text Click Here to Access eThesis
942 ## - ADDED ENTRY ELEMENTS (KOHA)
Source of classification or shelving scheme Universal Decimal Classification
Koha item type Thesis & Dissertations
Holdings
Withdrawn status Lost status Source of classification or shelving scheme Damaged status Not for loan Home library Current library Shelving location Date acquired Source of acquisition Cost, normal purchase price Total Checkouts Barcode Date last seen Cost, replacement price Price effective from Koha item type
    Dewey Decimal Classification     IIA Library-Bangalore IIA Library-Bangalore General Stacks 25/08/2025 74 0.00   20715 25/08/2025 0.00 25/08/2025 Thesis & Dissertations

Powered by Koha